Piers Plowman / (Record no. 76662)
[ view plain ]
| 000 -LEADER | |
|---|---|
| fixed length control field | 01041nam a2200361I 4500 |
| 001 - CONTROL NUMBER | |
| control field | 76662 |
| 003 - CONTROL NUMBER IDENTIFIER | |
| rucl marc code | BD-RjUL |
| 005 - DATE AND TIME OF LATEST TRANSACTION | |
| control field | 20211209082853.0 |
| 008 - FIXED-LENGTH DATA ELEMENTS--GENERAL INFORMATION | |
| fixed length control field | 191230s19681967xx 000 0 eng d |
| 035 ## - SYSTEM CONTROL NUMBER | |
| System control number | MITb10533328 |
| System control number | (BD-RjUL)76886) |
| System control number | GLIS00533328 |
| 040 ## - CATALOGING SOURCE | |
| Original cataloging agency | YNG |
| Transcribing agency | YNG |
| Modifying agency | m.c. |
| -- | m/c |
| -- | RCD |
| Language of cataloging | eng |
| 041 ## - LANGUAGE CODE | |
| Language code of text/sound track or separate title | eng |
| 049 ## - LOCAL HOLDINGS (OCLC) | |
| Holding library | RCDA |
| 082 ## - DEWEY DECIMAL CLASSIFICATION NUMBER | |
| Classification number | 821.1 |
| Author mark and year | SAP 1967 |
| 100 1# - MAIN ENTRY--PERSONAL NAME | |
| Personal name | Salter, Elizabeth, |
| Dates associated with a name | 1925-1980. |
| 9 (RLIN) | 237219 |
| 245 10 - TITLE STATEMENT | |
| Title | Piers Plowman / |
| Statement of responsibility, etc. | Elizabeeth Salter and Derek Pearsall |
| 260 ## - PUBLICATION, DISTRIBUTION, ETC. (IMPRINT) | |
| Place of publication, distribution, etc. | London : |
| Name of publisher, distributor, etc. | edward arnold, |
| Date of publication, distribution, etc. | 1967[c1968] |
| 300 ## - PHYSICAL DESCRIPTION | |
| Pagination | 207 p. ; |
| Size | 23 cm. |
| 336 ## - CONTENT TYPE | |
| Content type term | text |
| Content type code | txt |
| Source | rdacontent |
| 337 ## - MEDIA TYPE | |
| Media type term | unmediated |
| Media type code | n |
| Source | rdamedia |
| 338 ## - CARRIER TYPE | |
| Carrier type term | volume |
| Carrier type code | nc |
| Source | rdacarrier |
| 504 ## - BIBLIOGRAPHY, ETC. NOTE | |
| Bibliography, etc | Includes Bibliography |
| 600 10 - SUBJECT ADDED ENTRY--PERSONAL NAME | |
| Personal name | Langland, William, |
| Dates associated with a name | 1330?-1400? |
| Title of a work | Piers Plowman. |
| 910 ## - USER-OPTION DATA (OCLC) | |
| User-option data | OCLC 60 |
| User-option data | OCLC 60 |
| User-option data | MARCIVEAUT |
| 942 ## - ADDED ENTRY ELEMENTS (KOHA) | |
| Source of classification or shelving scheme | Dewey Decimal Classification |
| Koha item type | Books |
| 949 ## - LOCAL PROCESSING INFORMATION (OCLC) | |
| a | MYGH |
| Lost status | Source of classification or shelving scheme | Damaged status | Not for loan | Collection code | Permanent Location | Current Location | Shelving location | Date acquired | Source of acquisition | Cost, normal purchase price | Total Checkouts | Full call number | Date last seen | Copy number | Koha item type |
|---|---|---|---|---|---|---|---|---|---|---|---|---|---|---|---|
| Dewey Decimal Classification | Not For Loan | Non-fiction | Central Library, University of Rajshahi | Central Library, University of Rajshahi | Reading Room | 27/11/1969 | Zeitlinger | 0.00 | 821.1 SAP 1968 | 30/12/2019 | C-1 | Books |